| 000 | 00687nam a2200253 a 4500 | ||
|---|---|---|---|
| 001 | nice12345678 | ||
| 003 | IN_TiNIC | ||
| 005 | 20260116014050.0 | ||
| 008 | 090129s2007 newa grp 000 0 eng | ||
| 020 |
_a9780820488592 _c995 |
||
| 082 | 0 | 0 |
_a242,1 _bMAN |
| 100 | _aMannani, Manijeh | ||
| 245 |
_aDivine Deviants _b The Dialects of Devotion in the Poetry of Donne and Rumi |
||
| 260 |
_aNew York _bPeter Lang Publications _c2007 |
||
| 300 | _a181p | ||
| 500 | _aincludes index and biblioraphy | ||
| 505 | 2 | _abiblio, index | |
| 650 | _aDevotional Poetry | ||
| 650 | _aRumi-Jalaluddin | ||
| 700 | 1 | _aMannani, Manijeh | |
| 902 | _bSRS | ||
| 942 | _cBK | ||
| 999 |
_c13719 _d13719 |
||